000 00417pab a2200145 454500
008 180718b1999 xxu||||| |||| 00| 0 eng d
100 _aHofstede, Geert
245 _aProblem remains but theories will change: the universal and the specific in 21st century global management
260 _c1999
300 _ap.34-43
362 _aSummer
650 _aManagement
773 _aOrganization Dynamics
909 _a41878
999 _c41878
_d41878